| 000 | 00907amm a2200253 4500 | ||
|---|---|---|---|
| 005 | 20240715123924.0 | ||
| 007 | cr |||||||| | ||
| 008 | 240715s2022 o d cat d | ||
| 041 | _acat | ||
| 100 |
_aVidal Martí, Cristina _975616 |
||
| 245 |
_aDiccionari de conceptes essencials de la mediació _h[en línia] _cCristina Vidal-Martí |
||
| 260 |
_aBarcelona _bUniversitat de Barcelona. Facultat d'Educació _c2022 |
||
| 300 | _a7 p. | ||
| 500 | _aMaterial de l’assignatura de Mediació i Conflicte del grau de Pedagogia | ||
| 500 | _aReferències bibliogràfiques | ||
| 520 | _a33 | ||
| 546 | _acatalà | ||
| 592 | _aObra terminològica | ||
| 593 | _aMM | ||
| 650 | 0 |
_amediació _970425 |
|
| 856 | _uhttps://diposit.ub.edu/dspace/bitstream/2445/182807/1/Diccionari%20de%20conceptes%20essencials%20de%20la%20mediaci%c3%b3.pdf | ||
| 942 |
_cMO _n0 _2ddc |
||
| 999 |
_c69014 _d69014 |
||